000 00177nam a2200085 4500
001 1258308
005 20260306104022.0
245 _aOYUNBOZAN
_cSUE LİMB
260 _bALTIN KİTAPLAR
999 _c1258308
_d1258308